Responses for Show #6472 - Tuesday, November 6, 2012

Paul Nelson game 3.

Contestants

[<< previous game]

Colin Bodels, a creative director and branding consultant from Drexel Hill, Pennsylvania

Jessica Lee, an immigration attorney from Evanston, Illinois

Paul Nelson, a Senate staff aide originally from Iowa City, Iowa (whose 2-day cash winnings total $29,200)

[next game >>]

Jeopardy! Round responses

A YEAR IN THE LIFE
"OO" WHAT'S THAT?
LONG SONGS
WORLD CAPITAL ATTRACTIONS
RUNNING
WITH SCISSORS
    $200 12
Robert E. Lee

Paul
    $200 6
a nook

Paul
    $200 21
"American Pie"

Paul
    $200 1
Athens

Paul
    $200 25
(Colin: What is a half-marathon?)

a marathon

Colin
Triple Stumper
    $200 16
paper

Paul
    $400 13
Gadhafi

Paul
    $400 7
a goober

Paul
    $400 23
"Stairway To Heaven"

Triple Stumper
    $400 2
Lima (Peru)

Paul
    $400 26
aerobic

Paul
    $400 17
pinking shears

Colin
    $600 11
(Paul: Who is Shakespeare?)

Samuel Pepys

PaulColin
    $600 8
a mood ring

Colin
    $600 24
"Purple Rain"

Jessica
    $600 3
Amsterdam (the Netherlands)

Paul
    $600 28
the 100-meter dash

Jessica
    $600 18
a rivet

Triple Stumper
    $800 14
Eliot Ness

Triple Stumper
    $800 9
(Colin: What is loopy?)

swoon

PaulColin
    $800 22
"Tainted Love"

Colin
    $1,200 4
Warsaw (Poland)

Paul
    $800 29
the pace

Paul
    $800 19
the jaws of life

Paul
    $1000 15
(Jawaharlal) Nehru

Paul
    $1000 10
the Sawtooth Mountains

Triple Stumper
    $1000 30
(Alex: I can't recall it either.)

"In-A-Gadda-Da-Vida"

Triple Stumper
    $1000 5
Wellington

Colin
    $1000 27
twitch

Paul
    $1000 20
(Paul: What is red?)
...
(Alex: I have a pair in my desk. [*].)

orange

Paul
Triple Stumper

Scores at the first commercial break (after clue 15):

Paul Jessica Colin
$4,800 $0 $1,400

Scores at the end of the Jeopardy! Round:

Paul Jessica Colin
$7,200 $1,200 $2,400

Double Jeopardy! Round responses

LITERARY AWARDS
GODLY EXPRESSIONS
FOOD STUFF
WE'VE GOT TO STOP MEETING LIKE THIS
MOVIES: WHO PLAYED 'EM?
"G", I LOVE SCIENCE
(Alex: Each correct response will begin with that letter.)
    $400 26
Western

Paul
    $400 20
vain

Paul
    $400 11
smorgasbord

Jessica
    $400 25
(Colin: What is the Vicious Circle?)
[Initially ruled incorrect; reversed before Final Jeopardy!]

the Round Table at the Algonquin

Colin
    $400 1
Tom Cruise

Paul
    $400 2
the gallbladder

Jessica
    $800 27
(Paul: Who is Hugo?)
(Alex: Give me more. I need his full name.)

Hugo Cabret

PaulJessica
    $800 19
the God particle

Jessica
    $800 12
a whisk

Paul
    $800 24
the United Nations

Jessica
    $800 3
Adam Sandler

Jessica
    $800 5
gamma rays

Paul
    $1200 28
Helter Skelter

Triple Stumper
    $1200 18
(Jessica: What are socks?)

your powder

Jessica
Triple Stumper
    $1200 14
(Paul: What is chicken?... What is [*]?)

a chicken in every pot

Paul
    $1200 23
King James

Paul
    $1200 4
Kristen Wiig

Paul
    $1200 6
genetically modified

Paul
    $1600 29
Arthur C. Clarke

Triple Stumper
    $1600 16
the balcony

Triple Stumper
    $1600 13
The Joy of Cooking

Colin
    $1600 21
Yalta

Paul
    $1600 8
Salma Hayek

Triple Stumper
    $1600 7
(Colin: What is the Great Spot?)
(Alex: The Great...)
(Colin: ...Red Spot.)

the Great Red Spot

Colin
    $2000 30
Stephen King

Triple Stumper
    $2000 17
a cemetery

Triple Stumper
    $2000 15
(Jessica: What is a vending machine?)
(Alex: Be more specific.)
(Jessica: What is a sandwich vending machine?)

an automat

Jessica
Triple Stumper
    $2,500 22
[Paul smiles as Alex reads the clue.]
(Alex: Why were you smiling so broadly on that one?)
(Paul: Chicago, Alex, it's my birth city.)
(Alex: I know, but you're too young to remember it.)
(Paul: It's true.)

the Democratic National Convention

Paul
    $2000 9
Glenn Close

Colin
    $2,000 10
gypsum

Colin

Scores at the end of the Double Jeopardy! Round:

Paul Jessica Colin
$18,100 $2,000 $10,000

[wagering suggestions for these scores]

Final Jeopardy! Round responses

CABINET DEPARTMENTS
(Alex: [To Jessica] Yes, "If you see something, say something.")
...
(Paul: [As his response is being revealed] I'm sorry, Janet!)
JessicaWhat is the Department of Homeland Security?
$1,900
ColinWhat is the Dept. of Health?
$8,200
PaulWhat is the Dep't of Commerce?
$1,900
Homeland Security

Final scores:

Paul Jessica Colin
$16,200 $3,900 $1,800
3-day champion: $45,400 2nd place: $2,000 3rd place: $1,000

Game dynamics:

Coryat scores:

Paul Jessica Colin
$17,200 $2,000 $10,000
27 R
(including 2 DDs),
3 W
8 R,
2 W
10 R
(including 1 DD),
2 W

Combined Coryat: $29,200

[game clues] [game scores] [suggest correction]

Game tape date: 2012-08-22
The J! Archive is created by fans, for fans. Scraping, republication, monetization, and malicious use prohibited; this site may use cookies and collect identifying information. See terms. The Jeopardy! game show and all elements thereof, including but not limited to copyright and trademark thereto, are the property of Jeopardy Productions, Inc. and are protected under law. This website is not affiliated with, sponsored by, or operated by Jeopardy Productions, Inc. Join the discussion at JBoard.tv.